| 000 | 01342na a2200385 4500 | ||
|---|---|---|---|
| 999 |
_c9846 _d9846 |
||
| 001 | 23667 | ||
| 003 | MIRAKIL | ||
| 005 | 20200708154308.0 | ||
| 008 | 171124b tu 000 0 | ||
| 020 | _a9786058596887 | ||
| 035 | _a20534 | ||
| 040 |
_aMilas _btur _cTR-AnCHP |
||
| 041 | _atur | ||
| 082 |
_aCHP 324.23072 _bC36a 2017 |
||
| 090 | _aCHP 324.23072 C36a 2017 | ||
| 110 | _aCumhuriyet Halk Partisi (CHP) | ||
| 111 |
_aAdalet kurultayı _cÇanakkale _d26-29 Ağustos 2017 |
||
| 222 | _aAdalet Kurultayı | ||
| 245 |
_aAdalet kutusu _cyayına hazırlayan Onur Bilge Kula |
||
| 246 | _aAdalet Kurultayı | ||
| 260 |
_aAnkara _bCHP _c2017 _fBaşkent klişe matbaacılık |
||
| 300 |
_a224 s. _c22 sm. |
||
| 440 |
_aCumhuriyet Halk Partisi yayınları _p8 |
||
| 610 |
_aCumhuriyet Halk Partisi (CHP) _xAdalet Kurultayı, 2017 _zÇanakkale |
||
| 610 |
_aCumhuriyet Halk Partisi (CHP) _xKurultaylar, 2017 |
||
| 610 |
_aCumhuriyet Halk Partisi (CHP) _xToplantılar |
||
| 650 |
_aSiyasal partiler _xCHP _yPropaganda ve ideolojiler |
||
| 650 |
_aSiyaset ve yönetim _xTürkiye |
||
| 700 | _aKula, Onur Bilge | ||
| 740 | _aAdalet Kurultayı | ||
| 830 | _aCHP yayınları | ||
| 942 |
_2ddc _cBKS |
||
| 999 | _d9846 | ||